Statistics for Largest Cities Proper in the Americas

Click here to take the quiz!

General Stats

  • This quiz has been taken 142 times
    (57 since last reset)
  • The average score is 18 of 20

Answer Stats

PopulationCityCountry% Correct
2,891,082Buenos AiresArgentina
100%
2,130,517HavanaCuba
100%
3,898,747Los AngelesUnited States
100%
9,209,944Mexico CityMexico
100%
8,804,190New YorkUnited States
100%
6,747,815Rio de JaneiroBrazil
100%
2,731,571TorontoCanada
100%
2,304,580HoustonUnited States
98%
12,325,232São PauloBrazil
98%
7,412,566BogotáColombia
96%
3,055,149BrasíliaBrazil
96%
2,746,388ChicagoUnited States
96%
9,751,717LimaPeru
96%
6,269,384SantiagoChile
96%
1,704,694MontréalCanada
94%
2,686,612FortalezaBrazil
76%
2,698,077GuayaquilEcuador
71%
2,886,698SalvadorBrazil
63%
1,810,645TijuanaMexico
63%
1,643,623EcatepecMexico
37%

Score Distribution

Percentile by Number Answered

Percent of People with Each Score

Your Score History

You have not taken this quiz since the last reset